| 000 | 00518nam a22001937a 4500 | ||
|---|---|---|---|
| 003 | OSt | ||
| 005 | 20140310182201.0 | ||
| 008 | 130902t xxu||||| |||| 00| 0 eng d | ||
| 020 | _a0345277414 | ||
| 050 |
_aHF 5386 _b.K84 1977 |
||
| 082 |
_aHS 646.7 _bK84 1977 |
||
| 100 |
_aKorda, Michael _916257 |
||
| 245 |
_aSuccess! _bMichael Korda. |
||
| 260 |
_aNew York : _bBallantine Books, _cc1977. |
||
| 300 |
_a297 p. : _bill. : _c28 cm. |
||
| 650 |
_aSuccessful living _916258 |
||
| 942 |
_2lcc _cHS |
||
| 999 |
_c10219 _d10219 |
||